Statistiques concernant Pays les plus proches de Palestine - une minute sprint

Cliquez ici pour prendre le quiz!

Statistiques générales

  • Ce quiz a été pris 107 fois
  • Le résultat moyen est 14 sur 20

Statistiques - réponses

kmpays% Correct
0Égypte
95%
372Turquie
92%
140Arabie Saoudite
91%
323Irak
89%
57Liban
89%
44Syrie
89%
0Israël
88%
0Jordanie
88%
931Iran
86%
1161Arménie
69%
1143Géorgie
65%
288Chypre
63%
863Libye
63%
1096Koweït
60%
1150Azerbaïdjan
57%
644Grèce
49%
1276Russie
45%
1026Soudan
42%
1227Bulgarie
29%
1373Roumanie
18%

Distribution des résultats

Percentile par nombre de réponses

% des personnes avec chaque résultat

Votre développement - résultats

Vous n’avez pas pris ce quiz